La vie de Philippe II roi d'Espagne / (Record no. 157620)
[ view plain ]
| 000 -LEADER | |
|---|---|
| campo de control de longitud fija | 00923nam a2200253 i 4500 |
| 001 - NÚMERO DE CONTROL | |
| campo de control | 157620 |
| 003 - IDENTIFICADOR DE NÚMERO DE CONTROL | |
| campo de control | ES-MaACL |
| 005 - FECHA Y HORA DE LA ÚLTIMA TRANSACCIÓN | |
| campo de control | 20250821111656.0 |
| 008 - DATOS DE LONGITUD FIJA--INFORMACIÓN GENERAL | |
| campo de control de longitud fija | 931025s1734 ne |||| | fre d |
| 040 ## - FUENTE DE CATALOGACIÓN | |
| Centro catalogador/agencia de origen | CAM |
| Lengua de catalogación | spa |
| Centro/agencia transcriptor | PAB |
| 100 1# - ENTRADA PRINCIPAL--NOMBRE DE PERSONA | |
| Nombre de persona | Leti, Gregorio. |
| 9 (RLIN) | 128911 |
| 245 13 - MENCIÓN DEL TÍTULO | |
| Título | La vie de Philippe II roi d'Espagne / |
| Mención de responsabilidad, etc. | traduite de l'italien de Gregorio Leti ; par J.-G. Chevri'eres] ; tome troisieme. |
| 260 ## - PUBLICACIÓN, DISTRIBUCIÓN, ETC. | |
| Lugar de publicación, distribución, etc. | A Amsterdam : |
| Nombre del editor, distribuidor, etc. | chez Pierre Mortier, |
| Fecha de publicación, distribución, etc. | 1734. |
| 300 ## - DESCRIPCIÓN FÍSICA | |
| Extensión | [2], 562 p. ; |
| Dimensiones | 12º. |
| 594 #1 - Nota al título y mención de responsabilidad | |
| Nota al título y mención de responsabilidad | Trad. tomado de Palau, 136730. |
| 597 #1 - NOTA DE DESCRIPCIÓN FÍSICA | |
| NOTA DE DESCRIPCIÓN FÍSICA | Sign. : [ ]\p1\s, A-Z\p1\s2, 2A\p5\s. |
| 600 04 - PUNTO DE ACCESO ADICIONAL DE MATERIA--NOMBRE DE PERSONA | |
| Nombre de persona | Felipe |
| Numeración | II, |
| Títulos y otros términos asociados al nombre | Rey de España |
| 9 (RLIN) | 49175 |
| 700 11 - ENTRADA AGREGADA--NOMBRE PERSONAL | |
| Nombre de persona | Chevri'eres, J.-G., |
| Término indicativo de función/relación | |
| 9 (RLIN) | 126479 |
| 700 11 - ENTRADA AGREGADA--NOMBRE PERSONAL | |
| Nombre de persona | Mortier, Pieter, |
| Término indicativo de función/relación | |
| 9 (RLIN) | 130223 |
| 752 ## - ENTRADA AGREGADA--NOMBRE JERÁRQUICO DEL LUGAR | |
| País o entidad superior | Holanda - |
| Ciudad | Amsterdam |
| 852 ## - LOCALIZACIÓN | |
| Ubicación | ES-MaACL |
| Número de control de estantería | R-1240-45 |
| Nota libre | -- Enc. piel |
| Encuadernación | Olim: G-10759-64 |
| Estatus retirado | Estado de pérdida | Estado de daño | No para préstamo | Colección | Biblioteca de origen | Biblioteca actual | Ubicación en estantería | Fecha de adquisición | Total de préstamos | Signatura topográfica completa | Código de barras | Visto por última vez | Precio de reemplazo | Tipo de ítem Koha |
|---|---|---|---|---|---|---|---|---|---|---|---|---|---|---|
| Libros del s. XVIII | Biblioteca del Ateneo de Madrid | Biblioteca del Ateneo de Madrid | Depósito | 17/01/2008 | R-1240-45 | 1164945 | 23/02/2023 | 23/02/2023 | Libro impreso antiguo |
